000 00404nam a2200121 a 4500
008 120416s1975 ||||||||||||||||| || u
050 _aPS 3558.E796 Her
100 _aHerzog, Arthur
245 1 0 _aEarthsound
260 _aLondon
_bHeinemann
_c1975
350 _a0.00
995 _D0.00
_FCBU-MAIN LIBRARY (Kitwe)
_H1
_I0.00
_M1
_UAVAILABLE
_ZFiction Collection
999 _c40646
_d40646